Concilio ecumenici - Statistics

Statistiche generali
  • Questo quiz è stato fatto 9 volte
  • Il punteggio medio è 9 su 21
Statistiche sulle risposte
Periodo Concilio ecumenico % Corretto
325 Nicea I
89%
787 Nicea II
89%
1545 - 1563 Trento
89%
1869 - 1870 Vaticano I
89%
1962- 1965 Vaticano II
89%
381 Costantinopoli I
78%
451 Calcedonia
44%
553 Costantinopoli II
44%
680 - 681 Costantinopoli III
44%
1414 - 1418 Costanza
44%
431 Efeso I
44%
689 - 970 Costantinopoli IV
33%
1245 Lione I
33%
1274 Lione II
33%
1431 - 1445 Basilea, Ferrara e Firenze
11%
1123 Lateranense I
11%
1139 Lateranense II
11%
1179 Lateranense III
11%
1215 Lateranense IV
11%
1512 - 1517 Lateranense V
11%
1311 - 1312 Vienne
11%
Nessun quiz corrispondente trovato
Distribuzione punteggi
Percentuale di utenti per punteggio
Percentile per numero di risposta
I tuoi punteggi nel tempo
Non hai fatto questo quiz